<?xml version="1.0" encoding="UTF-8"?>
<record
    xmlns:xsi="http://www.w3.org/2001/XMLSchema-instance"
    xsi:schemaLocation="http://www.loc.gov/MARC21/slim http://www.loc.gov/standards/marcxml/schema/MARC21slim.xsd"
    xmlns="http://www.loc.gov/MARC21/slim">

  <leader>01059nam a22001817a 4500</leader>
  <controlfield tag="003">IT-RoPau</controlfield>
  <controlfield tag="005">20220918181219.0</controlfield>
  <controlfield tag="008">140310b        xxu||||| |||| 00| 0 eng d</controlfield>
  <datafield tag="040" ind1=" " ind2=" ">
    <subfield code="c">IT-RoPau</subfield>
  </datafield>
  <datafield tag="100" ind1=" " ind2=" ">
    <subfield code="a">Governo Generale SSP</subfield>
    <subfield code="9">512</subfield>
  </datafield>
  <datafield tag="245" ind1=" " ind2=" ">
    <subfield code="a">Organizaci&#xF3;n apost&#xF3;lica y multimedialidad</subfield>
    <subfield code="b">A la luz de la 3a Prioridad. Alba, 7-9 de octubre de 1992</subfield>
  </datafield>
  <datafield tag="250" ind1=" " ind2=" ">
    <subfield code="a">I</subfield>
  </datafield>
  <datafield tag="260" ind1=" " ind2=" ">
    <subfield code="a">Roma</subfield>
    <subfield code="b">Casa general SSP</subfield>
    <subfield code="c">1993</subfield>
  </datafield>
  <datafield tag="300" ind1=" " ind2=" ">
    <subfield code="a">84 pp.</subfield>
    <subfield code="c">21,5 cm</subfield>
  </datafield>
  <datafield tag="490" ind1=" " ind2=" ">
    <subfield code="a">Roma Casa General del la Sociedade de San Pablo</subfield>
  </datafield>
  <datafield tag="520" ind1=" " ind2=" ">
    <subfield code="a">Indice
Introducci&#xF3;n, del P. Silvio Pignotti, Superior General
P. Silvio Pignotti, Introducci&#xF3;n al encuentro del Gobierno General y el Comit&#xE9; T&#xE9;cnico Internacional para el Apostolado (CTIA)
P. Renato Perino, El paulino editor hoy, a la luz de los fundamentos carism&#xE1;ticos de la Sociedade de San Pablo
Prof. Gabriele Calvi, El editor multimedial
Dr. Alberto Herrmann, Estructura y gesti&#xF3;n de una casa editorial con car&#xE1;cter internacional
Gobierno General SSP, Documento &#x201C;A prop&#xF3;sito de la 3a Prioridad&#x201D;
</subfield>
  </datafield>
  <datafield tag="942" ind1=" " ind2=" ">
    <subfield code="2">ddc</subfield>
    <subfield code="c">BK</subfield>
  </datafield>
  <datafield tag="999" ind1=" " ind2=" ">
    <subfield code="c">104238</subfield>
    <subfield code="d">104238</subfield>
  </datafield>
  <datafield tag="952" ind1=" " ind2=" ">
    <subfield code="0">0</subfield>
    <subfield code="1">0</subfield>
    <subfield code="2">ddc</subfield>
    <subfield code="4">0</subfield>
    <subfield code="6">P_C5</subfield>
    <subfield code="7">1</subfield>
    <subfield code="a">PAULUS</subfield>
    <subfield code="b">PAULUS</subfield>
    <subfield code="d">2014-03-10</subfield>
    <subfield code="l">0</subfield>
    <subfield code="o">P C5</subfield>
    <subfield code="r">2014-03-10 00:00:00</subfield>
    <subfield code="w">2014-03-10</subfield>
    <subfield code="y">BK</subfield>
  </datafield>
</record>
